Cladding work fund launched for mid-sized blocks (Record no. 121645)

MARC details
000 -LEADER
fixed length control field 00711nas a22001937a 4500
007 - PHYSICAL DESCRIPTION FIXED FIELD--GENERAL INFORMATION
fixed length control field ta
008 - FIXED-LENGTH DATA ELEMENTS--GENERAL INFORMATION
fixed length control field 230815e20231508xxk|||||o|||| 00| 0 eng d
041 ## - LANGUAGE CODE
Language code of text/sound track or separate title eng
100 ## - MAIN ENTRY--PERSONAL NAME
Personal author Strong, Gary
245 ## - TITLE STATEMENT
Title Cladding work fund launched for mid-sized blocks
490 ## - SERIES TITLE
Series statement RICS Built Environment Journal
Volume 15 August 2023
520 ## - ABSTRACT
Abstract Overview of the Cladding Safety Scheme to fund remediation of facades on medium-rise residential buildings
650 ## - KEYWORDS
Keywords Building Control
650 ## - KEYWORDS
Keywords Cladding
650 ## - KEYWORDS
Keywords Fire safety
651 ## - SUBJECT ADDED ENTRY--GEOGRAPHIC NAME
Geographic name United Kingdom
690 ## - LOCAL SUBJECT ADDED ENTRY--TOPICAL TERM (OCLC, RLIN)
9 (RLIN) 6308
Topical term or geographic name as entry element Cladding
856 ## - ONLINE RESOURCE
Uniform Resource Identifier https://ww3.rics.org/uk/en/journals/built-environment-journal/uk-government-cladding-safety-scheme.html
Public note Available online
Holdings
Withdrawn status Lost status Damaged status Not for loan Home library Current library Shelving location Date acquired Total Checkouts Date last seen Price effective from Koha item type
        Virtual Virtual Online 15/08/2023   15/08/2023 15/08/2023 Journal article